000 00512nam a2200181 4500
001 22459
005 20230410120849.0
008 060907n2002 dr spa
020 _a9968940704
035 _9funglode22622
041 _aES
050 1 4 _aJA 69 O65n 2002
100 _aOrdóñez, Jaime
245 1 _aNeo-tribalismo y globalización /
_cJaime Ordóñez
260 _aSan José, C.R :
_bFacultad Latinoamericana de Ciencias Sociales - FLACSO,
_c2002
300 _a196 p.
942 _2lcc
_cbk
999 _c53378
_d53378